|
|
|
|
| LEADER |
00000cam a2200000 7i4500 |
| 001 |
0000006343 |
| 002 |
000006848 |
| 005 |
20000330.0 |
| 020 |
|
|
|a 9839996800
|
| 090 |
0 |
0 |
|a 345.05
|b HAM
|
| 100 |
0 |
|
|a Hamid Ibrahim
|
| 245 |
1 |
0 |
|a Hamid's criminal Procedure
|c Hamid Ibrahim and Nasser Hamid
|
| 260 |
|
|
|a P.Jaya :
|b Denning's Books Centre ,
|c 1994
|
| 300 |
|
|
|a 1147p. ;
|c 26cm.
|
| 650 |
0 |
0 |
|a Criminal procedure
|z Malaysia
|
| 700 |
0 |
|
|a Nasser Hamid
|
| 999 |
|
|
|a 037966
|b BUKU
|c MALAYSIANA
|e PERPUSTAKAAN KOMUNITI PETALING JAYA
|
| 999 |
|
|
|a 048016
|b BUKU
|c RUJUKAN
|e PERPUSTAKAAN KOMUNITI PETALING JAYA
|